000 00622nam a2200193Ia 4500
008 160114s9999 xx 000 0 und d
020 _a0-600609685
050 _a790
050 _b.K32b 2004
100 _aKemp, Jane.
245 _aBrain games for preschoolers :
_bmore than 200 brain-boosting activities for 2-5s /
_cClare Kemp, Jane. Walters.
260 _aGreat Britian :
_bOctopus Publishing Group Limited
_c2004
300 _a160 pages;
440 _aMyriad series.
650 _aChild development.
650 _aEducational games.
650 _aToddlers -- Development.
700 _aWalters, Clare. Author
999 _c290322
_d290322